Parménides

Gespeichert in:
Bibliographische Detailangaben
1. Verfasser: Platón (VerfasserIn)
Weitere Verfasser: Agoglia, Rodolfo M (traductor)
Format: Buch
Sprache:Spanisch
Veröffentlicht: Buenos Aires Interamericana 1944
Schlagworte:
Tags: Tag hinzufügen
Keine Tags, Fügen Sie den ersten Tag hinzu!

MARC

LEADER 00000nam a2200000 a 4500
001 UCY6256
003 CL-VaPUC
005 20211022103207.0
008 950521e19440000AG |||||||||||||||||spa|d
999 |c 233835  |d 233833 
040 |c Pontificia Universidad Católica de Valparaíso 
082 0 4 |a 184  |b PLA  |2 21 
100 0 |a Platón  |e author  |9 222 
245 1 0 |a Parménides 
260 |a Buenos Aires  |b Interamericana  |c 1944 
300 |a 191 p 
583 |a last modification  |c 19950521 00:00:00  |k Rodrigo Vera 
650 0 |a Filosofía   |9 223554 
650 0 |a Filosofía antigua   |9 255705 
650 0 |a Metafísica  |9 265649 
650 0 |a Filosofía del espíritu  |9 320175 
650 7 |a SER  |2 CL-VaPUC  |9 320176 
651 0 |a Grecia  |9 265314 
700 1 |a Agoglia, Rodolfo M  |e traductor  |9 863726 
942 |c BK  |2 ddc 
945 |d 19950521 00:00:00  |a oaravena 
952 |0 0  |1 0  |4 0  |6 184_000000000000000_PLA_1944  |7 0  |8 R  |9 239613  |a BIBEDU  |b BIBEDU  |c MCIRC  |d 2019-11-18  |i 1506218  |l 1  |o 184 PLA 1944  |p 1506218  |r 2023-07-18  |s 2023-07-18  |w 2019-11-18  |y BK_R  |k FIL